| 000 | 00711cam a22002411 4500 | ||
|---|---|---|---|
| 001 | 29620 | ||
| 003 | BD-RjUL | ||
| 005 | 20211209051433.0 | ||
| 008 | 140406s19671966enka j 000 0 eng | ||
| 035 | _a(BD-RjUL)29705 | ||
| 035 | _a(OCoLC)2675991 | ||
| 040 |
_aDLC _cAAP _dOCoLC _dUk _dDLC _beng |
||
| 041 | _aeng | ||
| 082 |
_a942.033 _bHOM 1967 |
||
| 100 | 1 |
_aHodges, C. Walter _q(Cyril Walter), _d1909- _990252 |
|
| 245 | 1 | 0 |
_aMagna Carta / _cwritten and illustrated by C. Walter Hodges. |
| 260 |
_aLondon : _bOxford U.P., _cC1966 [reprinting 1967] |
||
| 300 |
_a32 p. : _bill. ; _c25 cm. |
||
| 490 | 0 | _aThe Story of Britain series | |
| 942 |
_2ddc _cBK |
||
| 999 |
_c29620 _d29620 |
||